Online
Catalog

México ante la realidad americana / (Record no. 31251)

MARC details
000 -CABECERA
campo de control de longitud fija 00478nam a2200157 a 4500
001 - NÚMERO DE CONTROL
campo de control 000031759
005 - FECHA Y HORA DE LA ÚLTIMA TRANSACCIÓN
campo de control 20200930063146.0
008 - DATOS DE LONGITUD FIJA--INFORMACIÓN GENERAL
campo de control de longitud fija 110701s1945 dr 000 0 spa d
040 ## - FUENTE DE LA CATALOGACIÓN
Centro catalogador/agencia de origen DO-SdBNP
Lengua de catalogación spa
Centro/agencia transcriptor BNPHU
082 ## - NÚMERO DE LA CLASIFICACIÓN DECIMAL DEWEY
Número de clasificación xx
Número de documento/Ítem R457m
049 ## - FONDOS LOCALES (OCLC)
Fondos de biblioteca BNPD
100 1# - ENTRADA PRINCIPAL--NOMBRE DE PERSONA
Nombre de persona Reyes Vargas, P. A.
9 (RLIN) 56618
245 10 - MENCIÓN DE TÍTULO
Título México ante la realidad americana /
Mención de responsabilidad, etc. P. A. Reyes Vargas.
260 ## - PUBLICACIÓN, DISTRIBUCIÓN, ETC.
Lugar de publicación, distribución, etc. Santiago, República Dominicana :
Nombre del editor, distribuidor, etc. Imprenta Muchas Gracias,
Fecha de publicación, distribución, etc. [1945?].
300 ## - DESCRIPCIÓN FÍSICA
Extensión 18 p. ;
Dimensiones 20 cm.
Holdings
Estado de retiro Estado de pérdida No para préstamo Código de colección Localización permanente Ubicación/localización actual Ubicación en estantería Fecha de adquisición Número de inventario Total de préstamos Signatura topográfica completa Código de barras Fecha visto por última vez Precio válido a partir de Tipo de ítem Koha
    Excluido de préstamo Patrimonio Dominicano Patrimonio Dominicano Patrimonio Dominicano En catalogación 01.07.2011 LF1   xx R457m 31759-10 25.06.2020 25.06.2020 Libro y Folleto Colección Patrimonio Dominicano

Powered by Koha